[Event "SLO-chT2 East"]
[Site "Slovenia"]
[Date "2017.10.15"]
[Round "2"]
[White "Vadlja, Branko"]
[Black "Poberznik, Janez"]
[Result "1/2-1/2"]
[WhiteElo "1988"]
[BlackElo "1840"]
[PlyCount "50"]
[EventDate "2017.09.30"]
[EventType "team-tourn"]
[EventRounds "9"]
[EventCountry "SLO"]
[SourceTitle "EXT 2019"]
[Source "ChessBase"]
[SourceDate "2018.10.10"]
[SourceVersion "1"]
[SourceVersionDate "2018.10.10"]
[SourceQuality "1"]

1. c4 e5 2. Nc3 Nc6 3. g3 f5 4. Bg2 Nf6 5. e3 Bb4 6. Nge2 0-0 7. 0-0 Bxc3 8. Nxc3 Ne7 9. d4 e4 10. b3 Ng6 11. Bb2 d6 12. h3 c6 13. d5 Ne5 14. dxc6 bxc6 15. Ne2 Nd3 16. Rb1 Nxb2 17. Rxb2 d5 18. Rd2 Qe7 19. Qc2 a5 20. Nd4 Bd7 21. Qc3 Qb4 22. Qc2 Qe7 23. Qc3 Qb4 24. Qc2 Qe7 25. Qc3 Qb4 1/2-1/2

[Event "SLO-chT2 East"]
[Site "Slovenia"]
[Date "2016.11.12"]
[Round "6"]
[White "Poberznik, Janez"]
[Black "Hevir, Vladimir"]
[Result "1/2-1/2"]
[WhiteElo "1842"]
[BlackElo "2026"]
[PlyCount "57"]
[EventDate "2016.09.24"]
[EventType "team-tourn"]
[EventRounds "9"]
[EventCountry "SLO"]
[SourceTitle "EXT 2019"]
[Source "ChessBase"]
[SourceDate "2018.10.10"]
[SourceVersion "1"]
[SourceVersionDate "2018.10.10"]
[SourceQuality "1"]
[WhiteTeam "Dravograd"]
[BlackTeam "Maribor Gambit"]
[WhiteTeamCountry "SLO"]
[BlackTeamCountry "SLO"]

1. e4 c5 2. Bc4 Nc6 3. a3 d6 4. Nc3 Nf6 5. d3 g6 6. Nge2 Bg7 7. 0-0 0-0 8. f4 a6 9. f5 b5 10. Ba2 Qb6 11. Kh1 b4 12. axb4 cxb4 13. Nd5 Nxd5 14. Bxd5 e6 15. Bxc6 Qxc6 16. f6 Bh8 17. c3 e5 18. cxb4 Bg4 19. h3 Be6 20. Bd2 d5 21. Nc3 dxe4 22. Nxe4 Bd5 23. Qg4 Rfd8 24. Bc3 Be6 25. Qg3 Bd5 26. Qg4 Be6 27. Qg3 Bd5 28. Qg4 Be6 29. Qg3 1/2-1/2

[Event "SLO-chT2 East"]
[Site "Slovenia"]
[Date "2015.10.10"]
[Round "5"]
[White "Poberznik, Janez"]
[Black "Kukovec, Darko"]
[Result "1/2-1/2"]
[WhiteElo "1862"]
[BlackElo "1771"]
[PlyCount "43"]
[EventDate "2015.09.05"]
[EventType "team-tourn"]
[EventRounds "9"]
[EventCountry "SLO"]
[SourceTitle "EXT 2019"]
[Source "ChessBase"]
[SourceDate "2018.10.10"]
[SourceVersion "1"]
[SourceVersionDate "2018.10.10"]
[SourceQuality "1"]
[WhiteTeam "Dravograd"]
[BlackTeam "Fram"]
[WhiteTeamCountry "SLO"]
[BlackTeamCountry "SLO"]

1. e4 e5 2. Bc4 Nf6 3. Nc3 Bc5 4. d3 a5 5. Bg5 Be7 6. f4 d6 7. Nge2 exf4 8. Bxf4 0-0 9. 0-0 c6 10. Bb3 b5 11. a3 Na6 12. Ng3 Ng4 13. h3 Ne5 14. Qh5 Ng6 15. Be3 Be6 16. Bxe6 fxe6 17. Rxf8+ Qxf8 18. Qg4 Qf7 19. Qh5 Qf8 20. Qg4 Qf7 21. Qh5 Qf8 22. Qg4 1/2-1/2

[Event "SLO-chT2 East"]
[Site "Slovenia"]
[Date "2013.12.09"]
[Round "8"]
[White "Flander, Nejc"]
[Black "Poberznik, Janez"]
[Result "1-0"]
[WhiteElo "1995"]
[BlackElo "1819"]
[PlyCount "51"]
[EventDate "2013.09.07"]
[EventType "team-tourn"]
[EventRounds "9"]
[EventCountry "SLO"]
[SourceTitle "EXT 2015"]
[Source "ChessBase"]
[SourceDate "2014.11.20"]
[SourceVersion "1"]
[SourceVersionDate "2014.11.20"]
[SourceQuality "1"]

1. e4 e5 2. f4 Bc5 3. Nf3 Nc6 4. c3 d6 5. d4 exd4 6. cxd4 Bb6 7. Bb5 a6 8. Ba4 Bd7 9. 0-0 Nge7 10. Kh1 0-0 11. d5 Nb8 12. f5 Bxa4 13. Qxa4 f6 14. Qb3 Nd7 15. Nc3 Rb8 16. Ne2 Rf7 17. Nfd4 Bxd4 18. Nxd4 Nc5 19. Qf3 Nd7 20. Ne6 Qc8 21. Bf4 Ne5 22. Bxe5 fxe5 23. Qg3 Kh8 24. Qh4 h6 25. f6 Ng6 26. fxg7+ 1-0